000 00865nam a22002535i 4500
001 177458
003 ES-MaACL
005 20250901105435.0
008 110324s1965 sp |||| | spa d
080 _a330.35
080 _a339.5
100 0 _aJohnson, Harry G.
_966744
245 1 0 _aDinero, comercio internacional y crecimiento económico /
_cHarry G. Johnson ; [versión española realizada por José Ramón Rendueles].
260 _aMadrid [etc.] :
_bRialp,
_cimp. 1965.
300 _a220 p. ;
_c25 cm.
490 1 _aLibros de economía ;
_v5
504 _aBibliografía.
650 4 _aDesarrollo económico.
_9153584
650 0 7 _aComercio exterior
_2embne
_911168
700 1 _aRendueles, Ramón.
_9145857
830 0 0 _aLibros de economía (Rialp)
_v5
_9186981
852 _aES-MaACL
_jE-14715
_xOlim P-527-bis
999 _c177458
_d177458